Situation Economique Au 1er Janvier 1988. Republika Demokratika Malagasy

Guardado en:
Detalles Bibliográficos
Formato: Libro
Lenguaje:francés
Publicado: Tanindrazana Direction Générale de la Banque 1988
Edición:1. éd.
Etiquetas: Agregar Etiqueta
Sin Etiquetas, Sea el primero en etiquetar este registro!

MARC

LEADER 00000nam a2200000 4500
001 c035412
005 20221219132259.8
041 0 |a fre 
044 |a MG 
245 1 0 |a Situation Economique  |b Au 1er Janvier 1988. Republika Demokratika Malagasy 
250 |a 1. éd. 
264 1 |a Tanindrazana  |b Direction Générale de la Banque  |c 1988 
300 |a 77 s.